017_ Personnalités nées un 17 janvier par images - Statistiques

Statistiques générales
  • Ce quiz a été pris 67 fois
  • Le résultat moyen est 7 sur 12
Statistiques - réponses
Par images Hint Réponse % Correct
Première Dame Michelle Obama
97%
Chanteuse Dalida
89%
Boxeur Mohamed Ali
88%
Acteur François Damiens
78%
Acteur Jim Carrey
77%
Journaliste Jamy Gourmaud
74%
Criminel Al Capone
55%
Chanteuse Françoise Hardy
48%
Dirigeant Politique Benjamin Franklin
35%
Actrice Mathilde Seigner
35%
Acteur Steve Harvey
17%
Politicien Robert Francis Kennedy Jr.
15%
Aucun quiz correspondant
Distribution des résultats
% des personnes avec chaque résultat
Percentile par nombre de réponses
Votre historique - résultats
Vous n’avez pas pris ce quiz